Statistics for Original Locations and Nicknames of Current NFL Teams

Click here to take the quiz!

General Stats

  • This quiz has been taken 1,462 times
  • The average score is 6 of 16

Answer Stats

TeamAnswer% Correct
Indianapolis ColtsBaltimore
86%
San Diego ChargersLos Angeles
84%
Tennessee TitansHouston
83%
Tennessee TitansOilers
81%
Arizona CardinalsChicago
49%
Kansas City ChiefsDallas
39%
New York JetsTitans
37%
Kansas City ChiefsTexans
34%
St. Louis RamsCleveland
28%
Washington RedskinsBoston
27%
Pittsburgh SteelersPirates
20%
Chicago BearsStaleys
19%
Washington RedskinsBraves
17%
Chicago BearsDecatur
17%
Detroit LionsPortsmouth
13%
Detroit LionsSpartans
11%

Score Distribution

Percentile by Number Answered

Percent of People with Each Score

Your Score History

You have not taken this quiz